The work of Silov on commutative semi-simple Banach algebras
Saved in:
| Hovedforfatter: | |
|---|---|
| Format: | Bog |
| Sprog: | engelsk |
| Udgivet: |
Río de Janeiro
IMPA-CNPq
1966
|
| Udgivelse: | 2a. ed |
| Serier: | Notas de Matemática, 20
|
| Fag: | |
| Tags: |
Tilføj Tag
Ingen Tags, Vær først til at tagge denne postø!
|
MARC
| LEADER | 00000nam a2200000 a 4500 | ||
|---|---|---|---|
| 001 | UCP3741 | ||
| 003 | CL-VaPUC | ||
| 008 | 990702e19660000BL |||||||||||||||||eng|d | ||
| 082 | 0 | 4 | |a 512.55 |b MIR |2 21 |
| 100 | |a Mirkil, Hazleton |e autor |9 431112 | ||
| 245 | 1 | 4 | |a The work of Silov on commutative semi-simple Banach algebras |
| 250 | |a 2a. ed | ||
| 300 | |a 63 p | ||
| 942 | |c BK | ||
| 945 | |d 19990702 00:00:00 |a crobeson | ||
| 260 | |a Río de Janeiro |b IMPA-CNPq |c 1966 | ||
| 650 | 0 | |a Álgebras de Banach |9 271249 | |
| 650 | 7 | |a ESPACIO DUAL |2 CL-VaPUC |9 431113 | |
| 650 | 0 | |a Álgebra de grupo |9 427825 | |
| 583 | |a last modification |c 19990702 00:00:00 |k Rodrigo Vera | ||
| 490 | 0 | |a Notas de Matemática, 20 | |
| 999 | |c 281942 |d 281940 | ||